| 000 | 01142nam a2200325 c 4500 | ||
|---|---|---|---|
| 001 | 4805 | ||
| 003 | ES-MaCES | ||
| 005 | 20150929135543.0 | ||
| 008 | 961113s1996 sp ||| | spa d | ||
| 035 | _aCES19980048417m | ||
| 040 |
_aES-MaCES _bspa _cES-MaCES |
||
| 110 | 2 |
_aConsejo Económico y Social (Madrid) _92424 |
|
| 245 | 1 | 0 |
_aDictamen 15-96 sobre el Anteproyecto de ley por el que se crea la Agencia Financiera de Madrid _b: Sesión del Pleno, 27-6-96 _cConsejo Económico y Social, Comunidad de Madrid |
| 260 |
_a[Madrid] _bCES _c1996 |
||
| 300 |
_a7 p. _c30 cm |
||
| 541 | _cGratuito | ||
| 610 | 2 | 4 |
_aAgencia Financiera de Madrid _91263 |
| 650 | 4 |
_aorganización institucional _927196 |
|
| 650 | 4 |
_agobierno regional _929907 |
|
| 650 | 4 |
_aadministración financiera _927208 |
|
| 650 | 4 |
_arecursos económicos _927083 |
|
| 650 | 4 |
_aMadrid (Comunidad Autónoma) _930777 |
|
| 650 | 4 |
_adictamen _930802 |
|
| 653 | 1 | 0 | _aAdministración-Instituciones públicas |
| 650 | 4 |
_928178 _aempresa |
|
| 650 | 4 |
_926641 _aayuda económica |
|
| 902 | _aLIB Libro | ||
| 942 |
_2CES _cBK _h6.3. |
||
| 999 |
_c4805 _d4805 |
||